Sartre : (Record no. 120821)
[ view plain ]
| 000 -LEADER | |
|---|---|
| fixed length control field | 01390pam a22003494a 4500 |
| 001 - CONTROL NUMBER | |
| control field | 5633618 |
| 003 - CONTROL NUMBER IDENTIFIER | |
| control field | ARRUPE |
| 005 - DATE AND TIME OF LATEST TRANSACTION | |
| control field | 20140910141211.0 |
| 008 - FIXED-LENGTH DATA ELEMENTS--GENERAL INFORMATION | |
| fixed length control field | 050802s2006 enk b 001 0 eng |
| 010 ## - LIBRARY OF CONGRESS CONTROL NUMBER | |
| LC control number | 2005022372 |
| 020 ## - INTERNATIONAL STANDARD BOOK NUMBER | |
| International Standard Book Number | 082648705X (hardcover : alk. paper) |
| 020 ## - INTERNATIONAL STANDARD BOOK NUMBER | |
| International Standard Book Number | 0826487068 (pbk. : alk. paper) |
| 035 ## - SYSTEM CONTROL NUMBER | |
| System control number | (OCoLC)OCM61247159 |
| 035 ## - SYSTEM CONTROL NUMBER | |
| System control number | (NNC)5633618 |
| 040 ## - CATALOGING SOURCE | |
| Original cataloging agency | DLC |
| Transcribing agency | DLC |
| Modifying agency | BAKER |
| -- | BWKUK |
| 042 ## - AUTHENTICATION CODE | |
| Authentication code | pcc |
| 050 00 - LIBRARY OF CONGRESS CALL NUMBER | |
| Classification number | B2430.S34 |
| Item number | C66 2006 |
| 082 00 - DEWEY DECIMAL CLASSIFICATION NUMBER | |
| Classification number | 194 |
| Edition number | 22 |
| 300 ## - PHYSICAL DESCRIPTION | |
| Dimensions | 23 cm. |
| 100 1# - MAIN ENTRY--PERSONAL NAME | |
| Personal name | Cox, Gary. |
| 9 (RLIN) | 11212 |
| 245 10 - TITLE STATEMENT | |
| Title | Sartre : |
| Remainder of title | a guide for the perplexed / |
| Statement of responsibility, etc | Gary Cox. |
| 260 ## - PUBLICATION, DISTRIBUTION, ETC. (IMPRINT) | |
| Place of publication, distribution, etc | London ; |
| -- | New York : |
| Name of publisher, distributor, etc | Continuum Logo, |
| Date of publication, distribution, etc | 2006. |
| 300 ## - PHYSICAL DESCRIPTION | |
| Extent | xiii, 178 p. ; |
| 490 1# - SERIES STATEMENT | |
| Series statement | Guides for the perplexed |
| 504 ## - BIBLIOGRAPHY, ETC. NOTE | |
| Bibliography, etc | Includes bibliographical references (p. 157-172) and index. |
| 505 0# - FORMATTED CONTENTS NOTE | |
| Formatted contents note | Consciousness -- Being-for-itself -- Being-for-others -- The body -- Freedom -- Existential freedrom -- Bad faith -- The phenomenon of bad faith -- The faith of bad faith - the primitive project -- Authenticity -- Sartre on authenticity -- Sartre and Nietzsche -- Sartre and Heidegger. |
| 600 10 - SUBJECT ADDED ENTRY--PERSONAL NAME | |
| Personal name | Sartre, Jean-Paul, |
| Dates associated with a name | 1905-1980. |
| 9 (RLIN) | 5613 |
| 830 #0 - SERIES ADDED ENTRY--UNIFORM TITLE | |
| Uniform title | Guides for the perplexed. |
| 9 (RLIN) | 11161 |
| 856 41 - ELECTRONIC LOCATION AND ACCESS | |
| Materials specified | Table of contents |
| Uniform Resource Identifier | <a href="http://www.loc.gov/catdir/toc/ecip0517/2005022372.html">http://www.loc.gov/catdir/toc/ecip0517/2005022372.html</a> |
| 942 ## - ADDED ENTRY ELEMENTS (KOHA) | |
| Source of classification or shelving scheme | Library of Congress Classification |
| Koha item type | Monograph ( Printed materials) |
| 948 1# - LOCAL PROCESSING INFORMATION (OCLC); SERIES PART DESIGNATOR (RLIN) | |
| Series part designator, SPT (RLIN) | 20060606 |
| b (OCLC) | c |
| c (OCLC) | rad1 |
| d (OCLC) | MPS |
| Withdrawn status | Lost status | Source of classification or shelving scheme | Damaged status | Not for loan | Collection code | Home library | Current library | Shelving location | Date acquired | Total Checkouts | Full call number | Barcode | Date last seen | Date checked out | Price effective from | Koha item type |
|---|---|---|---|---|---|---|---|---|---|---|---|---|---|---|---|---|
| Library of Congress Classification | Main Collection | ARRUPE LIBRARY | ARRUPE LIBRARY | Main Collection | 10/09/2014 | 8 | B2430.S34 C877 2006 | 46500001757 | 07/05/2024 | 12/04/2024 | 10/09/2014 | Monograph ( Printed materials) |